El Presidente Carazo frente a una huelga con carácter político. Discurso pronunciado por el señor Presidente de la República, Lic. Rodrigo Carazo, el día 4 de enero de 1980

সংরক্ষণ করুন:
গ্রন্থ-পঞ্জীর বিবরন
প্রধান লেখক: Carazo Odio, Rodrigo
বিন্যাস: পাঠ‍্য
প্রকাশিত: San José: Oficina de Difusión y Prensa de la Casa Presidencial
ট্যাগগুলো: ট্যাগ যুক্ত করুন
কোনো ট্যাগ নেই, প্রথমজন হিসাবে ট্যাগ করুন!

MARC

LEADER 00000 a a2200000 04500
001 22864
003
040
090 |a 156800  
100 |a Carazo Odio, Rodrigo  
245 |a El Presidente Carazo frente a una huelga con carácter político. Discurso pronunciado por el señor Presidente de la República, Lic. Rodrigo Carazo, el día 4 de enero de 1980  
260 |a San José:   |b Oficina de Difusión y Prensa de la Casa Presidencial  
300 |a 52 p.  
999 |c 12252  |d 12252